| 000 | 00380cam a22001337a 4500 | ||
|---|---|---|---|
| 008 | 180718b1976 xxu||||| |||| 00| 0 eng d | ||
| 082 | _aW7x54 K965 | ||
| 100 | _aKuppuswamy, B. | ||
| 245 |
_aCommunication and social development in India _cby B. Kuppuswamy |
||
| 260 |
_aDelhi _bSterling _c1976 |
||
| 300 | _a364p. | ||
| 650 | _aSocial change - India | ||
| 650 | _aMass media - India | ||
| 999 |
_c348969 _d348969 |
||